Numerical solution of the incompressible Navier-Stokes equations / (Record no. 8446)

MARC details
000 -LEADER
fixed length control field 00685cam a2200229 a 4500
001 - CONTROL NUMBER
control field 1107376
003 - CONTROL NUMBER IDENTIFIER
control field OSt
005 - DATE AND TIME OF LATEST TRANSACTION
control field 20240614100609.0
008 - FIXED-LENGTH DATA ELEMENTS--GENERAL INFORMATION
fixed length control field 930701s1993 sz a b 000 0 eng
010 ## - LIBRARY OF CONGRESS CONTROL NUMBER
LC control number 93028305
020 ## - INTERNATIONAL STANDARD BOOK NUMBER
International Standard Book Number 3764329351
020 ## - INTERNATIONAL STANDARD BOOK NUMBER
International Standard Book Number 0817629351
040 ## - CATALOGING SOURCE
Original cataloging agency DDC
Transcribing agency MUST
082 00 - DEWEY DECIMAL CLASSIFICATION NUMBER
Classification number 518.6
Edition number 22
100 1# - MAIN ENTRY--PERSONAL NAME
Personal name Quartapelle, L.
9 (RLIN) 17168
245 10 - TITLE STATEMENT
Title Numerical solution of the incompressible Navier-Stokes equations /
260 ## - PUBLICATION, DISTRIBUTION, ETC. (IMPRINT)
Place of publication, distribution, etc. Basel ;
-- Boston :
Name of publisher, distributor, etc. Birkhäuser Verlag,
Date of publication, distribution, etc. c1993.
300 ## - PHYSICAL DESCRIPTION
Extent xii, 291 p. :
Other physical details ill. ;
Dimensions 24 cm.
504 ## - BIBLIOGRAPHY, ETC. NOTE
Bibliography, etc Includes bibliographical references
650 #0 - SUBJECT ADDED ENTRY--TOPICAL TERM
Topical term or geographic name as entry element Navier-Stokes equations
General subdivision Numerical solutions.
9 (RLIN) 17169
942 ## - ADDED ENTRY ELEMENTS (KOHA)
Source of classification or shelving scheme Other/Generic Classification Scheme
Koha item type Book
Holdings
Withdrawn status Lost status Source of classification or shelving scheme Damaged status Not for loan Home library Current library Source of acquisition Inventory number Total Checkouts Full call number Barcode Date last seen Koha item type
    Dewey Decimal Classification     MUST Main Library MUST Main Library Purchase 08/29424   518.6 2024-20450 14/06/2024 Open Shelf